Ehat Shall We Doo With All This Money?: (Record no. 212416)
[ view plain ]
| 000 -LEADER | |
|---|---|
| fixed length control field | 00645nam a22002055a 4500 |
| 005 - DATE AND TIME OF LATEST TRANSACTION | |
| control field | 20250717152054.0 |
| 010 ## - LCCN (DPL NO) | |
| LC control number | ENG-146016 |
| 020 ## - INTERNATIONAL STANDARD BOOK NUMBER | |
| International Standard Book Number | 9788179919798 |
| Terms of availability | 399.00 |
| 035 ## - SYSTEM CONTROL NUMBER | |
| System control number | EN-129548 |
| 037 ## - SOURCE OF ACQUISITION | |
| Source of stock number/acquisition | DBAD |
| 082 ## - DEWEY DECIMAL CLASSIFICATION NUMBER | |
| Classification number | 332.495452 |
| 100 ## - MAIN ENTRY--PERSONAL NAME | |
| Personal name | Parekh, Jayesh A. |
| 245 ## - TITLE STATEMENT | |
| Title | Ehat Shall We Doo With All This Money?: |
| Remainder of title | Inspiring Perspectives on Wealth/ |
| Statement of responsibility, etc | Jayesh A. Parekh |
| 250 ## - EDITION STATEMENT | |
| Edition statement | 1 |
| 260 ## - PUBLICATION, DISTRIBUTION, ETC. (IMPRINT) | |
| Place of publication, distribution, etc | Mumbai |
| Name of publisher, distributor, etc | Popular Prakashan |
| Date of publication, distribution, etc | 2009 |
| 270 ## - ADDRESS | |
| Address | 301 Mahalaxmi Chambers, 22, Bhulabhai Desai Road, |
| City | Mumbai |
| Postal code | 400026 |
| 300 ## - PHYSICAL DESCRIPTION | |
| Extent | 312p. : |
| Dimensions | 22cm(pb) |
| 700 ## - ADDED ENTRY--PERSONAL NAME | |
| 9 (RLIN) | 22437 |
| 942 ## - ADDED ENTRY ELEMENTS (KOHA) | |
| Source of classification or shelving scheme | Dewey Decimal Classification |
| Item type | English Books |
| Call number suffix | PAR |
| Classification part | 332.495452 |
| Withdrawn status | Lost status | Not for loan | Collection code | Home library | Current library | Date acquired | Source of acquisition | Cost, normal purchase price | Full call number | Barcode | Copy number | Cost, replacement price | Koha item type |
|---|---|---|---|---|---|---|---|---|---|---|---|---|---|
| Non-fiction | Kasturba Gandhi Marg | Kasturba Gandhi Marg | 17/07/2025 | Delivery of Books Act Division | 399.00 | PAR 332.495452 | EN-129548 | 1 | 399.00 | English Books |
